Morphing magic
Gorde:
| Egile nagusia: | |
|---|---|
| Formatua: | Liburua |
| Hizkuntza: | ingelesa |
| Argitaratua: |
Indianápolis
Sams Publishing
1993
|
| Gaiak: | |
| Etiketak: |
Etiketa erantsi
Etiketarik gabe, Izan zaitez lehena erregistro honi etiketa jartzen!
|
MARC
| LEADER | 00000nam a2200000 a 4500 | ||
|---|---|---|---|
| 001 | UCU1303 | ||
| 003 | CL-VaPUC | ||
| 008 | 960404e19930000US |||||||||||||||||eng|d | ||
| 082 | 0 | 4 | |a 006.66 |b AND |2 21 |
| 100 | 0 | |a Anderson, Scott |e author |9 356936 | |
| 245 | 1 | 0 | |a Morphing magic |
| 300 | |a 275 p | ||
| 942 | |c BK | ||
| 945 | |d 19960404 00:00:00 |a rbrito | ||
| 260 | |a Indianápolis |b Sams Publishing |c 1993 | ||
| 650 | 0 | |a Gráficas |9 264054 | |
| 650 | 0 | |a Aplicaciones de computadores |9 260401 | |
| 650 | 0 | |a Programas de computación |9 334383 | |
| 650 | 0 | |a Proceso de datos |9 259776 | |
| 583 | |a last modification |c 19960404 00:00:00 |k Rodrigo Vera | ||
| 999 | |c 245967 |d 245965 | ||
| 952 | |0 0 |1 0 |4 0 |6 006_660000000000000_AND_1993 |7 0 |8 A |9 260631 |a BIBING |b BIBING |d 2019-11-19 |i 319051K |o 006.66 AND 1993 |p 319051K |r 2025-01-20 |w 2019-11-19 |y BK |k CCI | ||